| 000 | 00886cam a22003015a 4500 | ||
|---|---|---|---|
| 999 |
_c27235 _d27206 |
||
| 001 | 018083854 | ||
| 003 | EG-ScBUE | ||
| 005 | 20190314132215.0 | ||
| 008 | 161019t2017 enka frb 001 0 eng d | ||
| 015 |
_aGBB6E7808 _2bnb |
||
| 016 | 7 |
_a018083854 _2Uk |
|
| 020 | _a9781292157764 (pbk.) | ||
| 020 | _a1292157763 | ||
| 040 |
_aStDuBDS _beng _cStDuBDS _dUk _dEG-ScBUE |
||
| 082 | 0 | 4 |
_a616.89 _bABN _222 |
| 245 | 0 | 0 |
_aAbnormal psychology / _cJill M. Hooley... [et al.]. |
| 250 | _a17th ed., Global ed. | ||
| 260 |
_aHarlow : _bPearson Education Limited, _cc.2017. |
||
| 300 |
_a792 p. : _bill. ; _c28 cm. |
||
| 504 | _aIncludes bibliographical references and index. | ||
| 650 | 7 |
_aPsychology, Pathological. _2BUEsh _936168 |
|
| 650 | 7 |
_aPsychiatry. _2BUEsh |
|
| 651 | _2BUEsh | ||
| 653 |
_bHHUUPPSS _cMarch2019 |
||
| 655 | _vText book | ||
| 700 | 1 | _aHooley, Jill M. | |
| 942 | _2ddc | ||